Masks in The Masked Singer (Australia) - Statistics

General Stats
  • This quiz has been taken 47 times
  • The average score is 44 of 61
Answer Stats
Answer % Correct
Queen
100%
Vampire
93%
Monster
86%
Parrot
86%
Rhino
86%
Robot
86%
Wizard
86%
Alien
79%
Bouncer
79%
Burger Gal
79%
Bushranger
79%
Cactus
79%
Dolly
79%
Dragon
79%
Frillneck
79%
Lion
79%
Mullet
79%
Octopus
79%
Prawn
79%
Puppet
79%
Sloth
79%
Snow Fox
79%
Spider
79%
Unicorn
79%
Wolf
79%
Cowgirl
71%
Dragonfly
71%
Duster
71%
Echidna
71%
Fawn
71%
Goldfish
71%
Hammerhead
71%
Kebab
71%
Kitten
71%
Orca
71%
Piñata
71%
Popcorn
71%
Snapdragon
71%
Tiny
71%
Volcano
71%
Atlantis
64%
Baby
64%
Bad Avocado
64%
Blowfly
64%
Bluebottle
64%
Captain
64%
Crash Test Dummy
64%
Gnome
64%
Knight
64%
Lighting
64%
Microphone
64%
Mirrorball
64%
Pavlova
64%
Rooster
64%
Thong
64%
Tiger
64%
Zombie
64%
Caterpillar
57%
Professor
57%
Space Fairy
57%
Grimm Reaper
43%
No matching quizzes found
Score Distribution
Percent of People with Each Score
Percentile by Number Answered
Your Score History
You have not taken this quiz